| 000 | 00660nam a2200241Ia 4500 | ||
|---|---|---|---|
| 003 | OSt | ||
| 005 | 20220916110942.0 | ||
| 006 | a|||||r|||| 00| 0 | ||
| 007 | ta | ||
| 008 | 220915b |||||||| |||| 00| 0 eng d | ||
| 024 | _a28434 | ||
| 037 | _cTextbook | ||
| 040 |
_beng _aARTS _cARTS |
||
| 041 | _aeng | ||
| 082 | _aO111,3:gx, K1 | ||
| 100 | _aLewis R W B | ||
| 245 | 0 | _aPicaresque saint : Representative figures in contemporary fiction | |
| 260 |
_aNew York _bJ B Lippincott Company USA |
||
| 300 |
_a317p. _ccm. |
||
| 650 | _aENGLISH LITERATURE | ||
| 942 |
_hO111,3:gx, K1 _cTB _2CC |
||
| 999 |
_c102126 _d102126 |
||